1317 1650 1340 1537 1295 1921 1975 1961 1589 1700 1198 1699 1360 1380 1404 1893 1176 1553 1034 1093 1522 1249 1601 1555 1549 1672 1535 1063 1173 1483 1390 1299 1919 1084 1943 1282 1192 1962 1741 1983 1772 1037 1024 1202 1545 1777 1061 1503 1929 1934 1765 1335 1748 1751 1814 1778 1388 1893 1917 1612 1782 1397 1464 1825 1487 1263 1975 1209 1896 1209 1693 1295 1804 1493 1284 1182 1493 1909 1480 1350 1492 1219 1213 1187 1387 1819 1385 1161 1302 1909 1760 1652 1671 1210 1294 1117 1174 1251 1765 BCNSPRNW ULIB Ver.6.0+V

เปลี่ยนเป็นภาษาไทย

Change to English
 แสดงรายละเอียดบรรณานุกรม
  กลับหน้าหลัก

Brief Record : Get Marc (ISO 2709) : E-mail record : QR code < ปิดหน้าต่าง
LEADER : 00000nam 2200000uu 4500
001    13399121241
003     ULIB
008    121112s2549||||th 000 0 tha d
020    ^a9749470532
020    ^a9789749470534
050  4 ^aPE1130^bย319ก
100 0  ^aยุวนาฏ คุ้มขาว
245 10 ^aกล้าพูด สนุกอ่าน ขยันคิด เทคนิคเก่งภาษาอังกฤษแบบผู้รู้จริง/^cยุวนาฏ คุ้มขาว
260    ^aกรุงเทพฯ:^bมิตรสัมพันธ์กราฟฟิค,^c2549
300    ^a280 หน้า
650  4 ^aภาษาอังกฤษ^xการใช้ภาษา
945    ^p195^l0^i24672
999    ^aวิภา
รายการนี้ยังไม่มีแท็ก
คุณยังไม่ได้ล็อกอิน คุณสามารถมีกิจกรรมร่วมกับเว็บไซต์ได้ แต่ต้องล็อกอินก่อน ::
  ล็อกอิน

รายการสื่อสารสนเทศ

ลำดับที่ ประเภท เลขเรียก/บาร์โค้ด สถานที่ สถานะ
1. วิทยาศาสตร์การแพทย์ และสุขภาพ
วิทยาศาสตร์การแพทย์ และสุขภาพ
PE1130 ย319ก  
  Barcode: 24672
ห้องสมุดวิทยาเขตสวรรค์ประชารักษ์
►หนังสือทั่วไป
บนชั้น

รายการใกล้เคียง
    ผู้แต่ง [ยุวนาฏ คุ้มขาว]

    หัวเรื่อง [ภาษาอังกฤษ การใช้ภาษา]

BibComment


ยังไม่เคยถูกคอมเมนท์

คอมเมนท์ทรัพยากรรายการนี้
  คอมเมนท์: กล้าพูด สนุกอ่าน..


 Copyright 2026. Bcnsprnw @Library